000 01299nam a2200325 a 4500
001 ebr10519690
003 CaPaEBR
006 m u
007 cr cn|||||||||
008 110510s2012 inuab sb 001 0 eng d
010 _z 2011020215
020 _z9780253356888 (hbk. alk. paper)
020 _z9780253005533 (e-book)
040 _aCaPaEBR
_cCaPaEBR
035 _a(OCoLC)774293563
050 1 4 _aU167.5.F6
_bC63 2012eb
082 0 4 _a355.4
_223
100 1 _aClayton, Anthony,
_d1928-
245 1 0 _aWarfare in woods and forests
_h[electronic resource] /
_cAnthony Clayton ; foreword by Charles Guthrie.
260 _aBloomington :
_bIndiana University Press,
_c2012.
300 _axviii, 145 p. :
_bill., maps.
504 _aIncludes bibliographical references and index.
533 _aElectronic reproduction.
_bPalo Alto, Calif. :
_cebrary,
_d2012.
_nAvailable via World Wide Web.
_nAccess may be limited to ebrary affiliated libraries.
650 0 _aForest warfare
_xHistory.
650 0 _aInfantry drill and tactics
_xHistory.
650 0 _aGuerrilla warfare
_xHistory.
655 7 _aElectronic books.
_2local
710 2 _aebrary, Inc.
856 4 0 _uhttp://site.ebrary.com/lib/rucke/Doc?id=10519690
_zAn electronic book accessible through the World Wide Web; click to view
999 _c141328
_d141328